Countries whose flags do not contain red or blue - Statistics

General Stats
  • This quiz has been taken 46 times
  • The average score is 4 of 8
Answer Stats
Hint Answer % Correct
2. Ireland
100%
3. Ivory Coast
81%
4. Jamaica
56%
5. Niger
47%
6. Nigeria
39%
7. Pakistan
39%
8. Saudi Arabia
39%
1. Cyprus
25%
No matching quizzes found
Score Distribution
Percent of People with Each Score
Percentile by Number Answered
Your Score History
You have not taken this quiz